[Event "45th Olympiad 2024"]
[Site "Budapest HUN"]
[Date "2024.09.18"]
[Round "7.68"]
[Board "2"]
[White "Drayton, Anthony"]
[Black "De Gondo, Simplice Armel"]
[Result "1-0"]
[WhiteElo "1964"]
[BlackElo "2045"]
[PlyCount "97"]
[EventDate "2024.09.11"]
[WhiteTeam "Guyana"]
[BlackTeam "Cote d’Ivoire"]
[WhiteTeamCountry "GUY"]

1. d4 c5 2. d5 e5 3. dxe6 fxe6 4. e4 d5 5. Qh5+ g6 6. Qe5 Qf6 7. Qc7 Nc6 8. Bb5 Nge7 9. e5 $146 ({RR} 9. Nf3 Bd7 10. exd5 Nxd5 11. Qg3 Bg7 12. O-O O-O 13. Nbd2 Qf5 14. Bd3 Nf4 15. Nh4 Qxd3 16. Qxd3 Nxd3 17. cxd3 Nb4 18. Nc4 b5 19. Na5 Nxd3 20. Be3 Bxb2 21. Rab1 Bf6 22. Nf3 c4 23. Rfd1 e5 {0-1 Green,M-Crowl,F AUS-ch 1934/35 (9)}) 9... Qf5 10. Nc3 a6 11. Ba4 d4 12. g4 Qxg4 13. f3 Qh4+ 14. Kf1 dxc3 15. Bxc6+ Nxc6 16. bxc3 Bg7 17. Qxg7 Rf8 18. Bh6 Qe7 19. Qxf8+ Qxf8 20. Bxf8 Kxf8 21. f4 Ne7 22. Ne2 Bd7 23. Kf2 Bc6 24. Rhd1 Bd5 25. a4 Rc8 26. Rab1 Rc7 27. Ng3 Bc6 28. Rd8+ Kg7 29. a5 Nd5 30. Ne4 Nxf4 31. Nxc5 Bb5 32. c4 Bc6 33. Rd6 Kf7 34. Ke3 g5 35. Rb6 Bd5 36. Rd7+ Rxd7 37. Nxd7 Bc6 38. Nc5 Ng6 39. Kd4 Nh4 40. Nxb7 Nf3+ 41. Ke3 Nxe5 42. Nd8+ Kf6 43. Nxc6 Nxc4+ 44. Kd4 Na3 45. Kc3 g4 46. Nd4 Kf7 47. Rb3 e5 48. Rxa3 exd4+ 49. Kxd4 1-0

[Event "45th Olympiad 2024"]
[Site "Budapest HUN"]
[Date "2024.09.18"]
[Round "7.68"]
[Board "3"]
[White "Manan, Yoboue Hermann"]
[Black "Nathoo, Loris"]
[Result "0-1"]
[WhiteElo "2030"]
[BlackElo "1788"]
[PlyCount "86"]
[EventDate "2024.09.11"]
[WhiteTeam "Cote d’Ivoire"]
[BlackTeam "Guyana"]
[BlackTeamCountry "GUY"]

1. e4 c5 2. Nf3 d6 3. d4 cxd4 4. Qxd4 Nc6 5. Qe3 g6 6. Nc3 Bg7 7. h3 Nf6 8. Bc4 Be6 $146 ({RR} 8... O-O 9. O-O Bd7 10. Qf4 Rc8 11. Qh4 Nd4 12. Bxf7+ Rxf7 13. Nxd4 Nh5 14. Nde2 h6 15. f3 b5 16. a3 a5 17. Be3 Qf8 18. Rfd1 e6 19. Qg4 Kh7 20. Qh4 b4 21. axb4 axb4 22. Na4 Rxc2 23. Nd4 {0-1 Domene Mulyukov,A (2271)-Karadzhov,I (2024) 9th Sunway Sitges 2022 (3.90)}) ({RR} 8... O-O 9. O-O b6 10. Rd1 Nd7 11. b3 Bb7 12. Bb2 Rc8 13. Rd2 Nde5 14. Nxe5 Nxe5 15. Be2 Nd7 16. Rb1 Re8 17. h4 Qc7 18. Nb5 Qc5 19. Qxc5 Nxc5 20. f3 Bh6 21. Rdd1 a6 22. Na3 b5 23. c4 {1-0 Vachier Lagrave,M (2750)-Giri,A (2761) Norway Chess Armageddon 10th rapid 2022 (9)}) ({RR} 8... O-O 9. O-O Nd7 10. Nd5 Nde5 11. Nxe5 Nxe5 12. Be2 Kh8 13. a4 Nc6 14. c3 e6 15. Nf4 d5 16. exd5 exd5 17. Qf3 d4 18. Rd1 Qf6 19. Nd5 Qxf3 20. Bxf3 dxc3 21. bxc3 Ne5 22. Ba3 Nxf3+ 23. gxf3 {0-1 Ashraf,A (2391)-Sahib,S (2445) Titled Tue 30th Jul Early 2024 (3)}) ({RR} 8... O-O 9. O-O b6 10. Rd1 Bb7 11. Qf4 Rc8 12. Bb3 Na5 13. Qh4 Rc5 14. Bg5 Qa8 15. Re1 Re8 16. Rad1 Nxb3 17. cxb3 b5 18. a3 a5 19. Nd2 b4 20. axb4 axb4 21. Na4 Rc2 22. Nb6 Qa6 23. Nbc4 {½-½ Demchenko,A (2654)-Vokhidov,S (2536) Titled Tuesday intern op 01st Feb-A blitz 2022 (7)}) ({RR} 8... O-O 9. O-O a6 10. a4 Nb4 11. Qe2 d5 12. exd5 Nfxd5 13. Nxd5 Nxd5 14. Rd1 e6 15. c3 Qc7 16. Bxd5 exd5 17. Be3 Re8 18. Qd2 Bf5 19. Bd4 Bf8 20. Re1 Be4 21. Nh2 h5 22. Nf1 Kh7 23. f3 {½-½ Demchenko,A (2645)-Vlassov,N (2283) Titled Tuesday intern op 06th Sep Early blitz 2022 (9)}) 9. Bxe6 fxe6 10. O-O e5 11. Rd1 O-O 12. Qd3 h6 13. a3 Rc8 14. Nd5 Kh7 15. Be3 Qe8 16. b4 Nxd5 17. Qxd5 g5 18. c4 Qg6 19. Rac1 Rxf3 20. gxf3 Rf8 21. b5 Nd4 22. Bxd4 exd4 23. Rd3 Be5 24. Qxb7 Qf6 25. Kg2 h5 26. Rh1 Bf4 27. Qd5 e5 28. Rf1 Kg7 29. Qb7+ Rf7 30. Qc6 g4 31. fxg4 Be3 32. f4 exf4 33. Rf3 hxg4 34. hxg4 Qh4 35. Qc8 Qe1 36. Rdxe3 dxe3 37. Rh3 Qf2+ 38. Kh1 Qf1+ 39. Kh2 Qxh3+ 40. Kxh3 e2 41. Qd8 e1=Q 42. Qg5+ Kh8 43. Qd8+ Kh7 0-1

[Event "45th Olympiad 2024"]
[Site "Budapest HUN"]
[Date "2024.09.18"]
[Round "7.68"]
[Board "4"]
[White "Pitamber, Sachin Dhilan"]
[Black "Assemien Yoann Philippe"]
[Result "1-0"]
[WhiteElo "1719"]
[BlackElo "1801"]
[PlyCount "73"]
[EventDate "2024.09.11"]
[WhiteTeam "Guyana"]
[BlackTeam "Cote d’Ivoire"]
[WhiteTeamCountry "GUY"]

1. e4 e5 2. Nf3 Nc6 3. Bb5 Nf6 4. O-O Nxe4 5. Re1 Nd6 6. Nxe5 Be7 7. Nxc6 dxc6 8. Bf1 O-O ({RR} 8... Nf5 9. d3 O-O 10. a4 Be6 11. c3 a5 12. Nd2 Re8 13. Nc4 Bd5 14. Bf4 Nd6 15. Ne3 Qd7 16. d4 Be4 17. Bd3 Bf8 18. Be5 Bxd3 19. Qxd3 c5 20. Nc4 cxd4 21. Bxd6 Rxe1+ 22. Rxe1 dxc3 23. bxc3 {0-1 Rogers,I (2594)-Aronian,L (2684) Gibraltar Masters 2005 (10)}) 9. d4 Bf5 ({RR} 9... Nf5 10. c3 Be6 11. Bd3 c5 12. Qf3 g6 13. Bxf5 Bxf5 14. Be3 cxd4 15. cxd4 Qd7 16. h3 Be6 17. Nc3 c6 18. Rad1 Rfd8 19. Ne4 f5 20. Nc5 Bxc5 21. dxc5 Bd5 22. Qg3 Re8 23. a3 Qg7 24. Rd2 {0-1 Andrade,I (2140)-Rego,P (2339) Titled Tue 6th Aug Late 2024 (3)}) 10. Nd2 Qd7 $146 ({RR} 10... Bg5 11. Nf3 Bxc1 12. Qxc1 Qf6 13. c3 Rfe8 14. Qf4 h6 15. Re5 g5 16. Qe3 Qg7 17. c4 f6 18. Rxe8+ Rxe8 19. Qb3 Qf7 20. Qb4 b6 21. Qa4 Be6 22. b3 Nf5 23. h3 Qd7 24. Rd1 a5 25. Bd3 {½-½ Roca Planas,E (2247)-Jimenez Munoz,N (2017) Foment Martinenc op-A 22nd 2022 (2)}) ({RR} 10... Bf6 11. c3 Re8 12. Nf3 Bg4 13. Rxe8+ Qxe8 14. Be3 Nf5 15. Bf4 Qd7 16. h3 Bxf3 17. Qxf3 Nd6 18. Bd3 Re8 19. Qg4 Qxg4 20. hxg4 Re6 21. Kf1 Ne8 22. Bf5 Re7 23. g5 {1-0 Sturc,J (1970)-Jambrich,J (1647) Bratislava Doprastav op 2010 (3)}) 11. Nf3 Bf6 12. Ne5 Bxe5 13. dxe5 Nc8 14. Qxd7 Bxd7 15. Bg5 h6 16. Bh4 g5 17. Bg3 Ne7 18. Rad1 Be6 19. Bd3 Rad8 20. f4 Rd7 21. h4 g4 22. h5 c5 23. Bh4 Rfd8 24. Bxe7 Rxe7 25. Bh7+ Kxh7 26. Rxd8 a6 27. Red1 Kg7 28. Rb8 b6 29. Rdd8 f6 30. f5 Bxf5 31. Rg8+ Kf7 32. Rbf8+ Ke6 33. exf6 Rd7 34. Rg7 Rd1+ 35. Kh2 Ke5 36. f7 Kf4 37. Rfg8 1-0

[Event "45th Olympiad 2024"]
[Site "Budapest HUN"]
[Date "2024.09.18"]
[Round "7.69"]
[Board "1"]
[White "Muhammed, Shuaau"]
[Black "Gurner, Jem"]
[Result "1-0"]
[WhiteElo "2052"]
[BlackElo "2091"]
[PlyCount "109"]
[EventDate "2024.09.11"]
[WhiteTeam "Maldives"]
[BlackTeam "Jersey"]
[WhiteTeamCountry "MDV"]

1. e4 c5 2. Nf3 d6 3. d4 cxd4 4. Nxd4 Nf6 5. Nc3 a6 6. f3 e5 7. Nb3 Be7 8. Be3 Be6 9. Qd2 h5 10. Nd5 Nxd5 11. exd5 Bf5 12. Be2 a5 13. a4 Nd7 ({RR} 13... O-O 14. O-O Nd7 15. f4 exf4 16. Bxf4 Rc8 17. c3 Nf6 18. Rae1 Be4 19. c4 Qb6+ 20. Nd4 Bg6 21. Bf3 Rxc4 22. Rxe7 Rxd4 23. Rxb7 Qxb7 24. Qxd4 Qa6 25. h3 Re8 26. Bd2 Be4 27. Bc3 Qb7 28. Re1 {½-½ LCZero 0.31-dag-5350a2e-BT4-6 (3631)-Stockfish dev-20240728-2343f7 (3662) TCEC 26 Balanced Lines 2024 (6.1)}) 14. Bb5 O-O 15. O-O Nf6 16. Rac1 $146 ({RR} 16. Rad1 Kh8 17. Qf2 Qc8 18. c4 Rg8 19. Bb6 Bd8 20. Rc1 g5 21. c5 Nxd5 22. Bxd8 Qxd8 23. Rfd1 Be6 24. Bc4 Nf4 25. Rxd6 Qf6 26. Bxe6 fxe6 27. Rc3 Rg7 28. Nd2 Rag8 29. Ne4 Qf5 30. Qc2 g4 {0-1 Roess,J (1868)-Schulz,T (1901) 6th Bamberg Open 2024 (4.73)}) ({RR} 16. c4 Bd7 17. Qf2 Qc8 18. Rfc1 Bxb5 19. axb5 a4 20. Nd2 Nd7 21. Ra2 f5 22. Qe2 Bf6 23. Rca1 e4 24. fxe4 f4 25. Bf2 Ne5 26. Rxa4 Rxa4 27. Rxa4 Ng4 28. Ra2 Qe8 29. Nf3 Qg6 30. b4 Re8 {0-1 Shomoev,A (2575)-Suleymenov,A (2422) Cheliabinsk Variation-A 2022 (3)}) ({RR} 16. c4 Bd7 17. Qf2 Bxb5 18. axb5 a4 19. Nd2 Nd7 20. Ra3 f5 21. f4 exf4 22. Bxf4 Ne5 23. c5 Ng4 24. Qe2 dxc5 25. Qe6+ Kh8 26. h3 Rf6 27. Qe2 Nh6 28. Rd3 Nf7 29. Nc4 g6 30. d6 Bf8 {1-0 Le Pen,S (2038)-Gasic Merino,F (2195) 9th Sunway Sitges 2022 (8.99)}) 16... e4 17. f4 Ng4 18. Bd4 Bf6 19. h3 Nh6 20. Bxf6 Qxf6 21. Nxa5 e3 22. Qb4 Qg6 23. Nc4 Bxh3 24. Nxe3 Nf5 25. Bd3 Rfe8 26. Bxf5 Bxf5 27. Nxf5 Qxf5 28. Qxb7 Rxa4 29. c4 Raa8 30. Rf2 Qf6 31. Qb3 Rab8 32. Qc3 Qxc3 33. Rxc3 Re1+ 34. Kh2 Rb1 35. Rcc2 Rb3 36. Rfd2 Rb8 37. c5 dxc5 38. d6 Rd8 39. Rxc5 g6 40. d7 Kf8 41. f5 Rf1 42. fxg6 fxg6 43. b4 Rf6 44. b5 Rb6 45. Kg3 Rb7 46. Rcd5 Ke7 47. Kh4 Kf7 48. Kg5 Kg7 49. g3 Kf7 50. Kf4 Ke7 51. Kg5 Kf7 52. Rf2+ Ke6 53. Rc5 Rbxd7 54. Rf6+ Ke7 55. Re5# 1-0

[Event "45th Olympiad 2024"]
[Site "Budapest HUN"]
[Date "2024.09.18"]
[Round "7.69"]
[Board "2"]
[White "Carpenter, Paul A"]
[Black "Mohamed, Hassan MDV"]
[Result "1/2-1/2"]
[WhiteElo "1985"]
[BlackElo "1880"]
[PlyCount "93"]
[EventDate "2024.09.11"]
[WhiteTeam "Jersey"]
[BlackTeam "Maldives"]
[BlackTeamCountry "MDV"]

1. b3 e5 2. Bb2 Nc6 3. d3 d5 4. e3 Nf6 5. Nd2 a5 6. a3 Bg4 7. Ne2 Bc5 8. h3 Be6 9. g3 Qe7 10. Bg2 O-O 11. O-O Rad8 12. Kh2 $146 ({RR} 12. d4 Bd6 13. Nf3 exd4 14. Nexd4 Nxd4 15. Bxd4 Ne4 16. Bb2 c5 17. c3 Qd7 18. g4 f5 19. Nh2 fxg4 20. hxg4 Bxh2+ 21. Kxh2 Nxf2 22. Qc2 Nxg4+ 23. Kg1 Qd6 24. Rxf8+ Rxf8 25. Bh1 Qg3+ {0-1 Findley,K-Moore,J (2063) Southend op 2009 (2)}) 12... Nd7 13. f4 f5 14. fxe5 Bxe3 15. d4 g5 16. Rf3 f4 17. gxf4 Bxf4+ 18. Nxf4 gxf4 19. Qe1 Rf7 20. Qf2 Kh8 21. Rxf4 Rxf4 22. Qxf4 Rf8 23. Qe3 Qg7 24. Rg1 Rg8 25. c4 Ne7 26. Bxd5 Qxg1+ 27. Qxg1 Rxg1 28. Kxg1 Nxd5 29. cxd5 Bxh3 30. e6 Nb6 31. e7 Bd7 32. d6 cxd6 33. Ne4 Nd5 34. Nxd6 Nxe7 35. Nxb7 Kg8 36. Nxa5 Kf7 37. Nc4 Ke6 38. a4 Bc6 39. Ne5 Be4 40. a5 h5 41. Bc3 Nf5 42. a6 Kd6 43. Kf2 h4 44. Nf7+ Kc6 45. Nd8+ Kb6 46. Ne6 Bd5 47. Nf4 1/2-1/2

[Event "45th Olympiad 2024"]
[Site "Budapest HUN"]
[Date "2024.09.18"]
[Round "7.69"]
[Board "3"]
[White "Hussain, Nimal"]
[Black "Belzo, Krzysztof"]
[Result "1-0"]
[WhiteElo "1805"]
[BlackElo "2076"]
[PlyCount "83"]
[EventDate "2024.09.11"]
[WhiteTeam "Maldives"]
[BlackTeam "Jersey"]
[WhiteTeamCountry "MDV"]

1. d4 c5 2. Nf3 cxd4 3. Nxd4 Nc6 4. e4 g6 5. Bc4 Bg7 6. c3 d6 7. Be3 Nf6 8. Nd2 O-O 9. O-O Ng4 10. Nc2 $146 ({RR} 10. Nxc6 bxc6 11. Bf4 Rb8 12. Qc2 e5 13. Bg3 h5 14. h3 h4 15. Bxh4 Qxh4 16. Nf3 Qh5 17. hxg4 Bxg4 18. Nh2 Be6 19. Be2 Qg5 20. Nf3 Qf4 21. b3 d5 22. exd5 cxd5 23. Qd2 Qxd2 24. Nxd2 e4 {0-1 Sanchez Paz,J (1657)-Ramos Alvarez,M (1865) Barcelona Sant Marti op-B 19th 2017 (5)}) 10... Nxe3 11. Nxe3 Ne5 12. Be2 Bd7 13. Nf3 Bc6 14. Qc2 Nxf3+ 15. Bxf3 Qa5 16. Rfd1 Ba4 17. b3 Bc6 18. Rac1 Qe5 19. Qd3 Rac8 20. Nc4 Qg5 21. Rc2 b6 22. Qe3 Qh4 23. g3 Qh3 24. Qf4 h5 25. Bg2 Qe6 26. Qd2 b5 27. Na5 Bxe4 28. Bxe4 Qxe4 29. Re1 Qf3 30. Re3 Qf6 31. Qe2 a6 32. Rxe7 Rxc3 33. Rd2 Rc1+ 34. Kg2 Qc3 35. Nb7 Bf6 36. Re3 Qc6+ 37. Qf3 Bg5 38. Rxd6 Qc7 39. Red3 a5 40. Qd5 Qe7 41. Rxg6+ Kh7 42. Rxg5 1-0

[Event "45th Olympiad 2024"]
[Site "Budapest HUN"]
[Date "2024.09.18"]
[Round "7.69"]
[Board "4"]
[White "Forbes, Garry"]
[Black "Abdul Rahman, Ali"]
[Result "1/2-1/2"]
[WhiteElo "1858"]
[BlackElo "1844"]
[PlyCount "45"]
[EventDate "2024.09.11"]
[WhiteTeam "Jersey"]
[BlackTeam "Maldives"]
[BlackTeamCountry "MDV"]

1. c4 e6 2. g3 d5 3. Bg2 Nf6 4. Nf3 c6 5. O-O Bd6 6. d4 Ne4 7. Nfd2 f5 8. Nxe4 fxe4 9. f3 exf3 10. Rxf3 Nd7 11. Rf1 $146 ({RR} 11. Nc3 Nf6 12. Bg5 Be7 13. Qd3 O-O 14. e4 Bd7 15. Raf1 dxc4 16. Qxc4 Qa5 17. Bxf6 Rxf6 18. Rxf6 Bxf6 19. e5 Bg5 20. Ne4 Be3+ 21. Kh1 Rf8 22. Nc5 Rxf1+ 23. Bxf1 Bc8 24. Qc3 Qxc3 25. bxc3 b6 {½-½ Filippov,V-Komarov,V Kemerovo 1991}) ({RR} 11. Nc3 Nf6 12. Bg5 O-O 13. Qd3 Bd7 14. Raf1 Be7 15. e4 h6 16. Bxf6 Rxf6 17. exd5 exd5 18. cxd5 Bg4 19. Rxf6 Bxf6 20. Ne4 Be7 21. Nf2 Bd7 22. Qb3 Kh8 23. Qxb7 Rb8 24. Qxa7 cxd5 25. Bxd5 Rxb2 {1-0 Zaibi,A (2361)-Abdul Rahman,A (1850) Olympiad-43 Batumi 2018 (3.59)}) 11... Nf6 12. c5 Be7 13. Nc3 O-O 14. e4 dxe4 15. Nxe4 Nxe4 16. Rxf8+ Bxf8 17. Bxe4 g6 18. Bf4 Bg7 19. Be5 Qg5 20. Bf4 Qd8 21. Be5 Qg5 22. Bf4 Qd8 23. Be5 1/2-1/2

[Event "45th Olympiad 2024"]
[Site "Budapest HUN"]
[Date "2024.09.18"]
[Round "7.70"]
[Board "1"]
[White "Mahamat Hachim Bachar"]
[Black "Gabriel, Davidson"]
[Result "0-1"]
[WhiteElo "1872"]
[BlackElo "2043"]
[PlyCount "90"]
[EventDate "2024.09.11"]
[WhiteTeam "Chad"]
[BlackTeam "Haiti"]
[WhiteTeamCountry "CHD"]
[BlackTeamCountry "HAI"]

1. e4 c5 2. g3 d5 3. Bg2 dxe4 4. Bxe4 Nf6 5. Bg2 Nc6 6. Ne2 ({RR} 6. Nf3 e5 7. O-O Bd6 8. d3 O-O 9. Nbd2 Bg4 10. h3 Bh5 11. Re1 Re8 12. Nc4 Bc7 13. g4 Bg6 14. Bg5 h6 15. Bh4 e4 16. dxe4 Qxd1 17. Raxd1 Nxe4 18. c3 f6 19. Nfd2 Nxd2 20. Nxd2 Kf8 {1-0 Munoz Pantoja,M (2455)-Fluvia Poyatos,J (2492) Catalunya-ch 2013 (1.3)}) 6... h5 $146 ({RR} 6... Bf5 7. d3 Qd7 8. Be3 e5 9. Nbc3 Nd4 10. O-O Be7 11. Ne4 Nd5 12. Bd2 O-O 13. c4 Nxe2+ 14. Qxe2 Nc7 15. Bc3 f6 16. Qe3 Ne6 17. Rfd1 Rad8 18. Rd2 b6 19. b3 Nd4 20. f3 Bg6 21. Bxd4 {0-1 Schueler,W (2068)-Klovans,J (2446) Wch Seniors 17th 2007 (1)}) ({RR} 6... Nd4 7. Nbc3 Bg4 8. h3 Bf3 9. O-O e6 10. d3 Be7 11. Be3 O-O 12. Bxf3 Nxf3+ 13. Kg2 Nd4 14. Ne4 Qd5 15. Nf4 Qc6 16. Bxd4 cxd4 17. Qf3 Nxe4 18. Qxe4 Rac8 19. Rac1 Qxe4+ 20. dxe4 Bg5 21. e5 {½-½ Baskakov,E (2215)-Movahed,S (2450) Titled Tue 2nd Jan Early 2024 (11)}) ({RR} 6... e5 7. d3 Be7 8. O-O O-O 9. h3 Be6 10. Nbc3 Qd7 11. Kh2 h6 12. Be3 Nd4 13. f4 Nd5 14. Nxd5 Bxd5 15. Bxd5 Qxd5 16. Nc3 Qe6 17. Bxd4 cxd4 18. f5 Qc6 19. Ne4 Rac8 20. Rf2 Bg5 21. f6 {0-1 Mahamat Hachim Bachar (1872)-Houssein,M (1870) 45th Olympiad 2024 (4.82)}) ({RR} 6... Bf5 7. d3 Qd7 8. Bg5 Bh3 9. Bxh3 Qxh3 10. Bxf6 gxf6 11. Nf4 Qf5 12. Qh5 Qxh5 13. Nxh5 f5 14. Nf4 e6 15. Na3 O-O-O 16. O-O h5 17. Ne2 h4 18. Nc4 Be7 19. Ne3 Rh7 20. Rfd1 Bf6 21. Rab1 {0-1 Balla,Z-Szabo,L Tatatovaros 1935 (4)}) ({RR} 6... g6 7. Nbc3 Bg7 8. O-O O-O 9. d3 e5 10. f4 exf4 11. Bxf4 Bg4 12. Qd2 Re8 13. Rae1 Qd7 14. Bg5 Bxe2 15. Rxe2 Ng4 16. Rxe8+ Rxe8 17. Nd5 Nd4 18. c4 Re2 19. Qf4 Re5 20. Qd2 f5 21. Kh1 {0-1 Belus,B (1996)-Micek,J (2081) Bratislava 2010 (6)}) 7. d3 h4 8. Bg5 h3 9. Bf3 Ne5 10. Nf4 Qd4 11. Nc3 Nxf3+ 12. Qxf3 Qe5+ 13. Ne4 Nxe4 14. Qxe4 Qxg5 15. Nd5 Kd8 16. Ne3 Qg6 17. Qd5+ Kc7 18. Qxc5+ Qc6 19. Nd5+ Kb8 20. Qxc6 bxc6 21. Nb4 Kc7 22. d4 e5 23. Nd3 exd4 24. O-O Bf5 25. Rad1 Bd6 26. Ne1 c5 27. b4 Rhe8 28. bxc5 Bxc5 29. Nd3 Bxd3 30. Rxd3 Re2 31. c3 Rxa2 32. cxd4 Bb6 33. g4 Rh8 34. f4 Rg2+ 35. Kh1 Rxg4 36. d5 Rh6 37. Rc1+ Kd7 38. f5 Rh5 39. d6 Rhg5 40. Rdd1 Rg1+ 41. Rxg1 Rxg1+ 42. Rxg1 Bxg1 43. Kxg1 Kxd6 44. Kf2 a5 45. Kg3 a4 0-1

[Event "45th Olympiad 2024"]
[Site "Budapest HUN"]
[Date "2024.09.18"]
[Round "7.70"]
[Board "2"]
[White "Etienne, Angelo"]
[Black "Abdelaziz Bokhit, Badjoiri"]
[Result "1-0"]
[WhiteElo "2122"]
[BlackElo "1778"]
[PlyCount "65"]
[EventDate "2024.09.11"]
[WhiteTeam "Haiti"]
[BlackTeam "Chad"]
[WhiteTeamCountry "HAI"]
[BlackTeamCountry "CHD"]

1. Nf3 d5 2. g3 Nf6 3. Bg2 e6 4. O-O Be7 5. d3 O-O 6. Nbd2 Re8 ({RR} 6... a5 7. e4 a4 8. a3 dxe4 9. dxe4 Nc6 10. b4 axb3 11. cxb3 Nd7 12. Bb2 Nc5 13. Bc3 b6 14. Qc2 Ba6 15. Rfd1 Be2 16. Re1 Bd3 17. Qb2 f6 18. e5 f5 19. Nd4 Nxd4 20. Bxd4 Ba6 21. Bxc5 {1-0 Ponomariov,R (2764)-Bruzon Batista,L (2673) FIDE World Cup 2011 (4.3)}) 7. c4 $146 ({RR} 7. e4 a6 8. Qe2 dxe4 9. dxe4 Nc6 10. Nc4 b5 11. Rd1 Bd7 12. Nce5 Nxe5 13. Nxe5 Bd6 14. Nxd7 Nxd7 15. e5 Nxe5 16. Bf4 Qf6 17. Bxa8 Rxa8 18. Bxe5 Bxe5 19. c3 g6 20. Rd3 Bd6 21. Rad1 Rf8 {1-0 Cardone,B-Mosher,W Des Moines op 1994}) ({RR} 7. e4 Nc6 8. e5 Nd7 9. Re1 b6 10. Nf1 Bb7 11. h4 Nf8 12. N1h2 Nb8 13. Ng4 c5 14. Bg5 Nc6 15. c3 Qd7 16. Qd2 d4 17. c4 h5 18. Ngh2 Nh7 19. Bf4 g6 20. a3 a5 21. g4 hxg4 {1-0 Mortazavi,A (2333)-Moreira,R (2088) Titled Tuesday intern op 16th Nov blitz 2021 (3)}) 7... d4 8. Nb3 c5 9. e3 Nc6 10. exd4 cxd4 11. Re1 Bd6 12. a3 e5 13. Bg5 h6 14. Bxf6 Qxf6 15. Nfxd4 Nxd4 16. Nxd4 Bc5 17. Nf3 a5 18. d4 Bd6 19. dxe5 Bxe5 20. Qd5 Bg4 21. Nxe5 Rxe5 22. Qxe5 Qb6 23. Qe4 Be6 24. Qxb7 Qxb7 25. Bxb7 Rb8 26. Bd5 Bh3 27. c5 Rxb2 28. c6 Rd2 29. Bg2 Be6 30. c7 Rc2 31. Rac1 Ra2 32. Rxe6 fxe6 33. c8=Q+ 1-0

[Event "45th Olympiad 2024"]
[Site "Budapest HUN"]
[Date "2024.09.18"]
[Round "7.70"]
[Board "3"]
[White "Adam, Jamal"]
[Black "Victor, Wyclef"]
[Result "1-0"]
[WhiteElo "2013"]
[BlackElo "1924"]
[PlyCount "141"]
[EventDate "2024.09.11"]
[WhiteTeam "Chad"]
[BlackTeam "Haiti"]
[WhiteTeamCountry "CHD"]
[BlackTeamCountry "HAI"]

1. e4 c5 2. Nf3 Nc6 3. d4 cxd4 4. Nxd4 Nf6 5. Nc3 d6 6. Be2 g6 7. Be3 Bg7 8. Qd2 O-O 9. O-O-O Qa5 ({RR} 9... Be6 10. h4 Rc8 11. Nxe6 fxe6 12. h5 Nb4 13. Kb1 Qa5 14. a3 Nxe4 15. Nxe4 Rxc2 16. axb4 Rxd2 17. Bxd2 Qe5 18. Nc3 Rxf2 19. Bf3 Qd4 20. Bc1 Qxb4 21. Ne2 a5 22. hxg6 hxg6 23. Rd3 a4 24. Rhd1 {0-1 Lintchevski,D (2575)-Azarov,S (2667) EU-ch rapid Warsaw 2011 (8)}) 10. Nb3 Qc7 11. h4 ({RR} 11. Bh6 Be6 12. Bxg7 Kxg7 13. f3 Rfc8 14. Kb1 Ne5 15. g4 a5 16. Nd4 Bc4 17. h4 Bxe2 18. Ndxe2 Nxf3 19. Qf4 Ne5 20. g5 Nh5 21. Qf2 Qc5 22. Qg2 Nc4 23. Nd5 e6 24. b3 Na3+ 25. Kb2 exd5 {0-1 Redondo Moran,C (1422)-Subhash,K (1779) FIDE World Uni Rapid-A 1st 2021 (8)}) 11... Be6 $146 ({RR} 11... a6 12. h5 b5 13. hxg6 fxg6 14. Bh6 Be6 15. Bxg7 Kxg7 16. Qh6+ Kf7 17. g4 Rh8 18. Qf4 Kg7 19. Qh6+ Kf7 20. Qf4 Ke8 21. g5 Nd7 22. Nd5 Bxd5 23. exd5 Nce5 24. Nd4 Rc8 25. Bd3 Nc5 26. Bf1 {0-1 Koksch,F-Stoering,M Bad Zwesten op 5th 2001 (6)}) 12. h5 Rfc8 13. hxg6 fxg6 14. Bh6 Bh8 15. f4 Na5 16. Kb1 Nc4 17. Bxc4 Qxc4 18. f5 Bf7 19. Qf4 d5 20. Rd4 Qc6 21. e5 Ne4 22. Nxe4 Qxc2+ 23. Ka1 dxe4 24. Rd2 Qc6 25. e6 Be8 26. Re2 Qb5 27. fxg6 Bxg6 28. Rf2 Bf6 29. g4 Qe5 30. Rhf1 Qxe6 31. g5 Bg7 32. Bxg7 Kxg7 33. Nd4 Qd5 34. Qe3 Rf8 35. Qc3 Kg8 36. b3 Rxf2 37. Rxf2 Rd8 38. Nc2 Qxg5 39. Ne3 Qb5 40. Nc4 Rd1+ 41. Kb2 Rb1+ 42. Kxb1 e3+ 43. Rc2 Qc5 44. Qxe3 Qxe3 45. Nxe3 h5 46. Kc1 Bxc2 47. Kxc2 Kf7 48. Kd3 Ke6 49. Ke4 b6 50. Nf5 Kf6 51. Kf4 e6 52. Nh4 a6 53. Nf3 b5 54. Ke4 Ke7 55. Ke5 Kd7 56. b4 Ke7 57. a3 Kd7 58. Nh4 Ke7 59. Ng6+ Kf7 60. Nf4 h4 61. Nxe6 Kg6 62. Kf4 Kf6 63. Nc5 h3 64. Kg3 Ke5 65. Nxa6 Kd6 66. Kxh3 Kc6 67. Kg3 Kb7 68. Nc5+ Kc6 69. Kf4 Kd5 70. Na6 Kc4 71. Ke4 1-0

[Event "45th Olympiad 2024"]
[Site "Budapest HUN"]
[Date "2024.09.18"]
[Round "7.70"]
[Board "4"]
[White "Guillaume, Jude Mirvens"]
[Black "Hassaballa Ahmed Hassaballa"]
[Result "1-0"]
[WhiteElo "1956"]
[BlackElo "1902"]
[PlyCount "97"]
[EventDate "2024.09.11"]
[WhiteTeam "Haiti"]
[BlackTeam "Chad"]
[WhiteTeamCountry "HAI"]
[BlackTeamCountry "CHD"]

1. d4 Nf6 2. c4 c5 3. d5 e6 4. Nc3 d6 5. e4 Be7 6. Bd3 O-O 7. Nge2 exd5 8. exd5 ({RR} 8. cxd5 a6 9. a4 Nbd7 10. O-O Ne5 11. Bc2 Bd7 12. f4 Ng6 13. e5 dxe5 14. d6 exf4 15. dxe7 Qxe7 16. Nxf4 Rad8 17. Nfd5 Nxd5 18. Nxd5 Qh4 19. g3 Qh3 20. Bg5 f6 21. Bxg6 hxg6 22. Nf4 Qf5 {1-0 Bouget,A (2282)-Dahlgren,J (1860) Titled Tuesday intern op 30th Aug Late blitz 2022 (4)}) 8... Nbd7 9. Bc2 Ne5 $146 ({RR} 9... Re8 10. O-O a6 11. Ng3 Ne5 12. b3 Bd7 13. f4 Ng6 14. Qd3 Qb8 15. Rb1 b5 16. Bb2 Bf8 17. Nce4 Nxe4 18. Nxe4 Qd8 19. Ng3 Qh4 20. Rf2 Re7 21. Ne4 Ree8 22. Nc3 Re7 23. Rff1 Rae8 {½-½ Qayumi,R (1584)-Koivumaki,M (1807) Rhein Main op-B 20th 2017 (7)}) 10. b3 a6 11. O-O Re8 12. f4 Ng6 13. Bb2 Bf8 14. h3 Bd7 15. Qd3 Qe7 16. Rf3 Nh4 17. Rg3 Bf5 18. Qd2 Bxc2 19. Qxc2 Ng6 20. Qf5 Rab8 21. a4 Qd7 22. Qxd7 Nxd7 23. Kf2 Nf6 24. Re3 Rxe3 25. Kxe3 Re8+ 26. Kf3 Nh4+ 27. Kf2 h5 28. Rg1 Nf5 29. g4 hxg4 30. hxg4 Ne3 31. g5 Nd7 32. Ng3 f5 33. Kf3 Nc2 34. Nxf5 Nd4+ 35. Nxd4 cxd4 36. Ne4 Nc5 37. Re1 Rc8 38. Nxc5 dxc5 39. Re6 Rd8 40. Ke4 Bd6 41. f5 Kf7 42. a5 Bc7 43. Ba3 Bd6 44. Bc1 Bc7 45. Bd2 Rh8 46. d6 Bd8 47. g6+ Kf8 48. d7 Be7 49. Bg5 1-0

[Event "45th Olympiad 2024"]
[Site "Budapest HUN"]
[Date "2024.09.18"]
[Round "7.71"]
[Board "1"]
[White "Liyanage, Ranindu Dilshan"]
[Black "Bodin-Hullin, Thomas"]
[Result "1-0"]
[WhiteElo "2366"]
[BlackElo "1855"]
[PlyCount "77"]
[EventDate "2024.09.11"]
[WhiteTeam "Sri Lanka"]
[BlackTeam "Senegal"]
[WhiteTeamCountry "SRI"]
[BlackTeamCountry "SEN"]

1. Nf3 c5 2. b3 d5 3. e3 Nc6 4. Bb2 Nf6 5. Bb5 Bg4 6. h3 Bh5 7. g4 Bg6 8. Ne5 Qc7 9. Bxc6+ bxc6 10. d3 e6 11. Nd2 Nd7 12. Nxd7 ({RR} 12. Nxg6 hxg6 13. f4 g5 14. Qf3 gxf4 15. exf4 Bd6 16. O-O Rh7 17. Kg2 O-O-O 18. f5 Rdh8 19. fxe6 fxe6 20. Rh1 Bf4 21. Qe2 e5 22. c4 g5 23. Rac1 Kb8 24. b4 cxb4 25. cxd5 c5 26. Rc2 Qd6 {1-0 Xie,F (2320)-Mehrad,A (2015) 45th Olympiad 2024 (3.55)}) 12... Qxd7 13. Qe2 f6 14. f4 $146 ({RR} 14. O-O-O a5 15. a4 Bd6 16. f4 O-O 17. h4 c4 18. dxc4 Qe7 19. h5 Be8 20. Nf3 Ba3 21. e4 Qb4 22. h6 Bf7 23. Bxa3 Qxa3+ 24. Kb1 dxc4 25. Qxc4 Rab8 26. hxg7 e5 27. gxf8=Q+ Kxf8 28. Qd3 Kg8 {1-0 Rahman,Z (2417)-Mortuza Mahathir,I (1877) Dhaka Al Mahmud Memorial 2022 (2)}) ({RR} 14. e4 Bd6 15. e5 fxe5 16. Bxe5 O-O 17. O-O Rae8 18. f4 Be7 19. Nf3 Bd8 20. a4 a5 21. Kh2 Rf7 22. Ng5 Bxg5 23. fxg5 Ref8 24. h4 {½-½ Schulze Bergcamen,S (1909)-Kusnetsov,M (2086) Ruhrgebiet Verbandsklasse Gruppe 1 1516 2015 (6.1)}) 14... Bd6 15. Nf3 Qc7 16. h4 h5 17. g5 e5 18. gxf6 gxf6 19. fxe5 fxe5 20. Qg2 Rg8 21. Qh3 Qe7 22. Rg1 Kd8 23. Rg5 d4 24. e4 Kc7 25. O-O-O Bf7 26. Rxg8 Rxg8 27. Ng5 Rxg5 28. hxg5 Qxg5+ 29. Kb1 Qg4 30. Qxg4 hxg4 31. Bc1 Be7 32. Bd2 Kd7 33. Rf1 Ke6 34. Be1 Bg5 35. Bg3 Bg6 36. Kb2 Bf4 37. Bxf4 exf4 38. Rxf4 Bh5 39. Rf5 1-0